| 000 | 00426pab a2200157 454500 | ||
|---|---|---|---|
| 008 | 180718b2002 xxu||||| |||| 00| 0 eng d | ||
| 100 | _aGupta, Harish et al. | ||
| 245 | _aAir pollution modeling: a tool for management of regional air quality | ||
| 260 | _c2002 | ||
| 300 | _ap.1-7 | ||
| 362 | _aJan | ||
| 650 | _aPollution | ||
| 650 | _aAir pollution | ||
| 773 | _aIndian Journal of Environmental Health | ||
| 909 | _a51604 | ||
| 999 |
_c51604 _d51604 |
||